000 00762 a2200205 4500
010 _aENG-89820
020 _a8188965421
_c400.00
035 _aEN-73353
037 _bDBAD / PUB
082 1 4 _a305.42
090 _c11766
_d11766
245 1 _aConstellations of violence:
_bfeminist interventions in South Asia/
_cedited by Radhika Coomaraswamy and Nimanthi Perera-Rajasingham
260 _aNew Delhi
_bWomen Unlimited
_c2008
270 _aK-36, Hauz Khas Enclave, Ground Floor,
_bNew Delhi
_e110 016
300 _axx, 260p.
_c22cm (Hb )
700 1 _aCoomaraswamy, Radhika
700 1 _aPerera-Rajasingham, Nimanthi
942 _adpl
_cEN
_k 305.42/ CON
999 _c11427
_d11427